8th habit (Record no. 25423)
[ view plain ]
| 000 -LEADER | |
|---|---|
| fixed length control field | 00861nam a22002297a 4500 |
| 005 - DATE AND TIME OF LATEST TRANSACTION | |
| control field | 20090320114937.0 |
| 008 - FIXED-LENGTH DATA ELEMENTS--GENERAL INFORMATION | |
| fixed length control field | 090320t xxu||||| |||| 00| 0 eng d |
| 010 ## - LCCN (DPL NO) | |
| LC control number | B-317451 |
| 020 ## - INTERNATIONAL STANDARD BOOK NUMBER | |
| International Standard Book Number | 9781847391469 |
| Terms of availability | 489.00 |
| 035 ## - SYSTEM CONTROL NUMBER | |
| System control number | B-317451 |
| 037 ## - SOURCE OF ACQUISITION | |
| Stock number | UBH |
| Source of stock number/acquisition | RP/CL/Eng/E:13/20.2.09/21.2.09/25.2.09/28.2.09 |
| 040 ## - CATALOGING SOURCE | |
| Original cataloging agency | DPL |
| Language of cataloging | En |
| 082 ## - DEWEY DECIMAL CLASSIFICATION NUMBER | |
| Classification number | 150-COV |
| 100 ## - MAIN ENTRY--PERSONAL NAME | |
| Personal name | Covey, Stephen R. |
| 245 ## - TITLE STATEMENT | |
| Title | 8th habit |
| Remainder of title | from effectiveness to gratn ess |
| Medium | En |
| 260 ## - PUBLICATION, DISTRIBUTION, ETC. (IMPRINT) | |
| Place of publication, distribution, etc | London |
| Name of publisher, distributor, etc | Simon & Schuster UL Ltd. |
| Date of publication, distribution, etc | 2007 |
| 270 ## - ADDRESS | |
| Address | Simon & Schuster UK Ltd., CBS Company |
| City | Great Britain |
| 300 ## - PHYSICAL DESCRIPTION | |
| Extent | xvi,409p. |
| Dimensions | 20 cm, (Pb) |
| 942 ## - ADDED ENTRY ELEMENTS (KOHA) | |
| Source of classification or shelving scheme | Dewey Decimal Classification |
| Item type | English Books |
| Withdrawn status | Lost status | Source of classification or shelving scheme | Damaged status | Not for loan | Collection code | Home library | Current library | Date acquired | Source of acquisition | Cost, normal purchase price | Total Checkouts | Full call number | Barcode | Date last seen | Copy number | Cost, replacement price | Koha item type | Public note |
|---|---|---|---|---|---|---|---|---|---|---|---|---|---|---|---|---|---|---|
| Dewey Decimal Classification | Non-fiction | Central Library | Central Library | 20/03/2009 | U BH | 489.00 | 150-COV | B-317451 | 20/03/2009 | 1 | 489.00 | English Books | Legal Case (Register No. 26) |
